<?xml version="1.0" encoding="UTF-8"?>
<record
    xmlns:xsi="http://www.w3.org/2001/XMLSchema-instance"
    xsi:schemaLocation="http://www.loc.gov/MARC21/slim http://www.loc.gov/standards/marcxml/schema/MARC21slim.xsd"
    xmlns="http://www.loc.gov/MARC21/slim">

  <leader>00526nam a2200145Ia 4500</leader>
  <controlfield tag="008">100204s9999    xx            000 0 und d</controlfield>
  <datafield tag="082" ind1=" " ind2=" ">
    <subfield code="b">17350</subfield>
  </datafield>
  <datafield tag="100" ind1=" " ind2=" ">
    <subfield code="a">&#x916;&#x93E;&#x902;&#x921;&#x947;&#x915;&#x930;   &#x935;&#x93F;&#x937;&#x94D;&#x923;&#x942;   &#x938;&#x916;&#x93E;&#x930;&#x93E;&#x92E;</subfield>
  </datafield>
  <datafield tag="245" ind1=" " ind2=" ">
    <subfield code="a">&#x930;&#x93F;&#x915;&#x93E;&#x92E;&#x93E; &#x926;&#x947;&#x935;&#x94D;&#x939;&#x93E;&#x930;&#x93E;</subfield>
  </datafield>
  <datafield tag="260" ind1=" " ind2=" ">
    <subfield code="b">"&#x926;&#x947;&#x936;&#x92E;&#x941;&#x916;    &#x906;&#x923;&#x93F;   &#x915;&#x902;&#x92A;&#x928;&#x940;   , &#x92A;&#x941;&#x923;&#x947;"</subfield>
    <subfield code="c">1992 6</subfield>
  </datafield>
  <datafield tag="300" ind1=" " ind2=" ">
    <subfield code="a">174</subfield>
  </datafield>
  <datafield tag="630" ind1=" " ind2=" ">
    <subfield code="a">&#x930;&#x93F;&#x915;&#x93E;&#x92E;&#x93E; &#x926;&#x947;&#x935;&#x94D;&#x939;&#x93E;&#x930;&#x93E;</subfield>
  </datafield>
  <datafield tag="730" ind1=" " ind2=" ">
    <subfield code="a">&#x930;&#x93F;&#x915;&#x93E;&#x92E;&#x93E; &#x926;&#x947;&#x935;&#x94D;&#x939;&#x93E;&#x930;&#x93E;</subfield>
  </datafield>
  <datafield tag="942" ind1=" " ind2=" ">
    <subfield code="c">BOOK</subfield>
  </datafield>
  <datafield tag="999" ind1=" " ind2=" ">
    <subfield code="c">461773</subfield>
    <subfield code="d">461770</subfield>
  </datafield>
  <datafield tag="952" ind1=" " ind2=" ">
    <subfield code="0">0</subfield>
    <subfield code="1">0</subfield>
    <subfield code="4">0</subfield>
    <subfield code="7">0</subfield>
    <subfield code="a">NCKMULUND</subfield>
    <subfield code="b">NCKMULUND</subfield>
    <subfield code="d">2010-02-04</subfield>
    <subfield code="g">65.00</subfield>
    <subfield code="l">0</subfield>
    <subfield code="o">17350</subfield>
    <subfield code="p">NCKMULUND-17350</subfield>
    <subfield code="r">2010-02-04 00:00:00</subfield>
    <subfield code="v">65.00</subfield>
    <subfield code="w">2010-02-04</subfield>
    <subfield code="y">BOOK</subfield>
  </datafield>
</record>
